| 000 | 00408nam a22001577a 4500 | ||
|---|---|---|---|
| 003 | LK-CoMWRAF | ||
| 005 | 20230922182940.0 | ||
| 008 | 230922b |||||||| |||| 00| 0 eng d | ||
| 040 |
_aLK-CoMWRAF _dLK-CoMWRAF _eLK-CoMWRAF |
||
| 041 | _aeng | ||
| 082 |
_a297 _bADD |
||
| 100 | _aAd-din, Abu Bakr Siraj | ||
| 245 | _aThe Spiritual function of Islamic civilization | ||
| 650 | _aIslam- functions | ||
| 942 | _cBK | ||
| 999 |
_c3611 _d3611 |
||